[Event "Treviso op-D 1st"]
[Site "Treviso"]
[Date "2017.03.18"]
[Round "2.1"]
[White "El Khalqi, Mohamed"]
[Black "Sgnaolin, Giosue"]
[Result "1-0"]
[WhiteElo "1474"]
[BlackElo "1440"]
[PlyCount "71"]
[EventDate "2017.03.17"]
[EventType "swiss"]
[EventRounds "5"]
[EventCountry "ITA"]
[SourceTitle "EXT 2024"]
[Source "ChessBase"]
[SourceDate "2023.10.10"]
[SourceVersion "1"]
[SourceVersionDate "2023.10.10"]
[SourceQuality "1"]

1. c4 Nf6 2. d4 g6 3. Nc3 d5 4. Bg5 c6 5. Nf3 Bg7 6. e3 0-0 7. Be2 Bf5 8. Qb3 Qb6 9. Qxb6 axb6 10. cxd5 Nxd5 11. Nxd5 cxd5 12. Bxe7 Re8 13. Bd6 Nc6 14. 0-0 Red8 15. Bc7 Rd7 16. Bxb6 Be4 17. a3 Bxf3 18. Bxf3 f5 19. Rac1 Ra6 20. Bc5 b6 21. Bb4 Nxb4 22. axb4 Ra4 23. b5 Rb4 24. Rc2 Rxb5 25. Rfc1 Ra7 26. Be2 Rba5 27. Rc8+ Kf7 28. R8c7+ Rxc7 29. Rxc7+ Kf6 30. Rc6+ Kf7 31. Rxb6 Ra1+ 32. Bf1 Rb1 33. g3 Bf8 34. Kg2 Ba3 35. b3 g5 36. Bd3 1-0